01218nam a22002657a 45000010005000000030006000050050017000110080041000280400029000690500012000980820011001101000018001212450071001392500028002102600034002383000044002724900024003165050008003405200455003485210020008035210020008236000032008436100044008757000033009192878FISKH20241105104548.0240119b cb ||||| |||| 00| 0 eng d aFISKHbengcFISKHdFISKH aJ942.01 a942.01 aDeary , Terry aSmashing Saxons /cby Deary, Terrry : illustrated by Brown, Martin aFirst published in 2000 aLondon :bScholastic , c2000 a139 pages : billustrations ;c21 cm .  a Horrible Histories aW  aHistory with twice the nasty bits ... in a horrible new edition! The Smashing Saxons tells the terrible truth about the pillaging people who bashed the Brits but got nobbled by the Normans. The Stormin' Normans follows big bad Bill the Conqueror who battled at Hastings, stormed Europe and joined the crummy Crusades. Featuring curious quizzes, rotten recipes, gruesome games and terrible tests ... for your teacher! History has never been so horribl8 a870 bLexile 8 aW bRaz-Plus  2wit and humor vnon-fiction 2English histories vJuvenile literature aBrown, Martin eillustrator